Statistics for clothing brand quiz

Click here to take the quiz!

General Stats

  • This quiz has been taken 23 times
  • The average score is 4 of 6

Answer Stats

Answer% Correct
adidas
95%
vans
91%
converse
86%
gucci
86%
ray bans
36%
nikes
23%

Score Distribution

Percentile by Number Answered

Percent of People with Each Score

Your Score History

You have not taken this quiz